¿Qué podemos creer? : (Record no. 10486)

MARC details
000 -LEADER
campo de control de longitud fija 01009ntaaa2200265 4500
003 - IDENTIFICADOR DE NÚMERO DE CONTROL
campo de control 01
005 - FECHA Y HORA DE LA ÚLTIMA TRANSACCIÓN
campo de control 20251027201605.0
008 - DATOS DE LONGITUD FIJA--INFORMACIÓN GENERAL
campo de control de longitud fija 0714s1973 ag 01
040 ## - FUENTE DE CATALOGACIÓN
Centro catalogador/agencia de origen AR-BaBN
Lengua de catalogación spa
Centro/agencia transcriptor AR-BaBN
Normas de descripción aacr
Centro/agencia modificador RIC
082 ## - NÚMERO DE LA CLASIFICACIÓN DECIMAL DEWEY
Número de clasificación 230 S
100 ## - ENTRADA PRINCIPAL--NOMBRE DE PERSONA
Nombre de persona Stockwell, B. F.
9 (RLIN) 14513
245 ## - MENCIÓN DEL TÍTULO
Título ¿Qué podemos creer? :
Resto del título hacia una filosofía cristiana de la vida /
Mención de responsabilidad, etc. B. F. Stockwell, con prólogo de Jorge P. Howard
260 ## - PUBLICACIÓN, DISTRIBUCIÓN, ETC.
Lugar de publicación, distribución, etc. Buenos Aires :
Nombre del editor, distribuidor, etc. La Aurora,
Fecha de publicación, distribución, etc. 1936
300 ## - DESCRIPCIÓN FÍSICA
Extensión 149 p. ;
Dimensiones 19 cm.
500 ## - NOTA GENERAL
Nota general Incluye referencias bibliográficas al final del volumen
505 ## - NOTA DE CONTENIDO CON FORMATO
Título I. ¿Qué es la religión?
505 ## - NOTA DE CONTENIDO CON FORMATO
Título II. ¿Cómo se ha desarrollado la religión en la historia?
505 ## - NOTA DE CONTENIDO CON FORMATO
Título III. ¿Qué entendemos por cristianismo?
505 ## - NOTA DE CONTENIDO CON FORMATO
Título IV. ¿Qué razones hay para creer en el Dios cristiano?
505 ## - NOTA DE CONTENIDO CON FORMATO
Título V. ¿Cómo se da Dios a conocer a los hombres?
505 ## - NOTA DE CONTENIDO CON FORMATO
Título VI. ¿Quién fue Jesucristo?
650 ## - PUNTO DE ACCESO ADICIONAL DE MATERIA--TÉRMINO DE MATERIA
Término de materia o nombre geográfico como elemento de entrada RELIGION CRISTIANA
9 (RLIN) 14514
700 ## - ENTRADA AGREGADA--NOMBRE PERSONAL
Nombre de persona Howard, Jorge P.
Término indicativo de función/relación prologuista
9 (RLIN) 8039
942 ## - ELEMENTOS DE ENTRADA SECUNDARIOS (KOHA)
Tipo de ítem Koha Colección General
Holdings
Estatus retirado Estado de pérdida Estado de daño No para préstamo Biblioteca de origen Biblioteca actual Fecha de adquisición Número de inventario Total de préstamos Signatura topográfica completa Código de barras Visto por última vez Precio de reemplazo Tipo de ítem Koha
        Biblioteca Pluis Biblioteca Pluis 27/10/2025 001850   230 S 001850 27/10/2025 27/10/2025 Colección General
        Biblioteca Pluis Biblioteca Pluis 27/10/2025 001851   230 S 001851 27/10/2025 27/10/2025 Colección General
        Biblioteca Pluis Biblioteca Pluis 27/10/2025 019836   230 S 019836 27/10/2025 27/10/2025 Colección General